| 000 | 03418cam a22005654i 4500 | ||
|---|---|---|---|
| 003 | PE-LiUPU | ||
| 005 | 20250731172844.0 | ||
| 008 | 010716s2002 miu rb 001 0 eng | ||
| 020 |
_a0802837344 _q(Eerdmans) |
||
| 020 |
_a0851117783 _q(APOLLOS) |
||
| 020 |
_a9780802837349 _q(Eerdmans) |
||
| 020 |
_a9780851117782 _q(APOLLOS) |
||
| 035 | _a(Sirsi) i9780802837349 | ||
| 040 |
_aDLC _bspa _cDLC _dYDX _dUKM _dOCLCQ _dBAKER _dNLGGC _dHNW _dBTCTA _dYDXCP _dIG# _dTLE _dBDX _dOCLCA _dOCLCQ _dOCLCA _dOCLCF _dOCLCQ _dS3O _dPE-LiUPU _erda |
||
| 049 | _aPRUA | ||
| 082 | 0 | 4 |
_a225.07 _bPNTC _220 |
| 100 | 1 |
_aEdwards, James R., _eautor. |
|
| 245 | 1 | 4 |
_aThe Gospel according to Mark / _cJames R. Edwards. |
| 264 |
_aGrand Rapids, Mich : _bEerdmans ; _aLeicester, England : _bApollos, _c2002. |
||
| 300 |
_axxvi, 550 páginas ; _c24 centímetros. |
||
| 336 |
_atext _2rdacontent |
||
| 337 |
_aunmediated _2rdamedia |
||
| 338 |
_avolume _2rdacarrier |
||
| 490 | 0 | _aThe Pillar New Testament commentary | |
| 504 | _aBibliografía : páginas xxv-xxvi. | ||
| 504 | _aÍndices: páginas 513-550. | ||
| 505 | 0 | _aHistory of the interpretation of Mark -- Authorship and place of composition -- Date -- Historical context -- Distinctive literary characteristics. Style ; Sandwich technique ; Irony -- Jesus in the Gospel of Mark. The authority of Jesus ; Servant of the Lord ; Son of God -- Distinctive themes. Discipleship ; Faith ; Insiders and outsiders ; Gentiles ; Command to silence ; Journey -- Narrative structure -- The gospel appears in person (1:1-13) -- Beginnings of the Galilean ministry (1:14-45). Excursus : the secrecy motif and Jesus' messianic self-consciousness (1:34) -- Trouble with the authorities (2:1-3:12). Excursus : son of man (2:12) ; Excursus : divine man (3:12) -- Insiders and outsiders (3:13-4:34) -- "'Who then is this?'" (4:35-6:6a) -- Witness to Jews (6:6b-7:23) -- Witness to Gentiles (7:24-8:9) -- Removing the veil (8:10-9:29). Excursus : Christ (8:31) ; Excursus : how should the transfiguration be understood? (9:8) -- Mere discipleship (9:30-50) -- "On the way" through Judea (10:1-52) -- The barren temple (11:1-26) -- Jesus and the Sanhedrin (11:27-12:44) -- Watchfulness in tribulation and triumph (13:1-27) -- The abandonment of Jesus (14:1-72). Excursus : women in the Gospel of Mark (14:9) -- The cross and the empty tomb (15:1-16:8). Excursus : Pontius Pilate (15:1) ; Excursus : the son of God (15:39) -- The longer ending of Mark (16:9-20) -- The secret Gospel of Mark. | |
| 526 | _aSEG42 | ||
| 526 | _aSEG41 | ||
| 526 | _aSEG40 | ||
| 526 | _aSEG39 | ||
| 526 | _aP94 | ||
| 526 | _aP87 | ||
| 526 | _aP86 | ||
| 526 | _aP85 | ||
| 526 | _aP77 | ||
| 526 | _aP76 | ||
| 526 | _aP35 | ||
| 630 | 0 | 0 |
_aBiblia. _pMarcos _vComentarios. |
| 630 | 0 | 7 |
_aBiblia. _pMarcos. |
| 650 | 1 | 7 | _aMarcos. |
| 655 | 7 | _aComentarios. | |
| 910 |
_ajck _bebj _cebj _d20160531 |
||
| 942 |
_2ddc _cBOOK |
||
| 949 |
_a225.07 PNTC 2 _wDEWEY _c1 _i73350 _lCCODEBUL1 _mBUL _p50.50 _r0 _sY _tBOOK _u2016-5-31 _xTEOLOGIA _PP85 _0COMPRA _o.STAFF. Colección General Teología |
||
| 994 |
_aC0 _bPEPRU |
||
| 596 | _a1 | ||
| 999 |
_a225.07 PNTC 2 _wDEWEY _c9639 _i73350 _d9639 _e2017-11-23 _f2021-11-9 _g5 _lCCODEBUL1 _mBUL _n1 _p50.50 _q4 _r0 _sY _tBOOK _u2016-5-31 _xTEOLOGIA _PP85 _0COMPRA _o.STAFF. Colección Teología |
||
| 980 |
_81 _gALBERTO SANCHEZ Responsable de Automatización |
||